|
|
|
|
| LEADER |
00922nam a2200265 4500 |
| 001 |
DLU120139049 |
| 005 |
##20120801 |
| 040 |
# |
# |
|a DLU
|b vie
|
| 041 |
# |
# |
|a vie
|
| 044 |
# |
# |
|a vn
|
| 100 |
# |
# |
|a Mai Ngọc Cường,
|c GS.TS.
|
| 245 |
# |
# |
|a Vai trò kinh tế của nhà nước trong nền kinh tế thị trường :
|b Khái quát lý thuyết và khuyến nghị đối với quản lý nền kinh tế Việt Nam hiện nay /
|c Mai Ngọc Cường.
|
| 653 |
# |
# |
|a Doanh nghiệp nhà nước
|
| 653 |
# |
# |
|a Kinh tế thị trường
|
| 653 |
# |
# |
|a Kinh tế vĩ mô
|
| 773 |
# |
# |
|t Kinh tế và phát triển
|g Số 1(151), 2010, tr. 3-7
|
| 920 |
# |
# |
|a Phòng Tạp chí -- Trung tâm Thông tin - Thư viện Trường Đại học Đà Lạt
|
| 994 |
# |
# |
|a DLU
|
| 900 |
# |
# |
|a True
|
| 911 |
# |
# |
|a Nguyễn Thị Linh Chi
|
| 925 |
# |
# |
|a G
|
| 926 |
# |
# |
|a A
|
| 927 |
# |
# |
|a BB
|
| 980 |
# |
# |
|a Thư viện Trường Đại học Đà Lạt
|